Catalog

Record Details

Catalog Search



Dorothy must die  Cover Image Book Book

Dorothy must die / Danielle Paige.

Paige, D. M., (author.).

Summary:

Amy Gumm, the other girl from Kansas, has been recruited by the Revolutionary Order of the Wicked to stop Dorothy who has found a way to come back to Oz, seizing a power that has gone to her head -- so now no one is safe!

Record details

  • ISBN: 9780062280671
  • ISBN: 0062280678
  • Physical Description: 452 pages ; 22 cm
  • Edition: First edition.
  • Publisher: New York, NY : Harper, an imprint of HarperCollinsPublishers, [2014]
Subject: Gale, Dorothy (Fictitious character) > Juvenile fiction.
Oz (Imaginary place) > Juvenile fiction.
Witches > Juvenile fiction.
Fantasy > Juvenile fiction.
Genre: Fantasy fiction.

Available copies

  • 1 of 1 copy available at scottsboropl.

Holds

  • 0 current holds with 1 total copy.
Show Only Available Copies
Location Call Number / Copy Notes Barcode Shelving Location Status Due Date
scottsboropl YA Pai 32269001191124 Young Adult - Fiction Available -

LDR 01631cam a22003737i 4500
001141244
003CONS
00520180807094241.0
008140113s2014 nyu d 000 1 eng d
010 . ‡a 2014930869
020 . ‡a9780062280671
020 . ‡a0062280678
035 . ‡a(CPomAG)LMN594420
042 . ‡alccopycat
05000. ‡aPZ7.P154 ‡bDo 2014
08204. ‡a[Fic] ‡223
1001 . ‡aPaige, D. M., ‡eauthor.
24510. ‡aDorothy must die / ‡cDanielle Paige.
250 . ‡aFirst edition.
264 1. ‡aNew York, NY : ‡bHarper, an imprint of HarperCollinsPublishers, ‡c[2014]
300 . ‡a452 pages ; ‡c22 cm
336 . ‡atext ‡btxt ‡2rdacontent
337 . ‡aunmediated ‡bn ‡2rdamedia
338 . ‡avolume ‡bnc ‡2rdacarrier
520 . ‡aAmy Gumm, the other girl from Kansas, has been recruited by the Revolutionary Order of the Wicked to stop Dorothy who has found a way to come back to Oz, seizing a power that has gone to her head -- so now no one is safe!
60010. ‡aGale, Dorothy ‡c(Fictitious character) ‡vJuvenile fiction.
650 0. ‡aOz (Imaginary place) ‡vJuvenile fiction.
650 0. ‡aWitches ‡vJuvenile fiction.
650 0. ‡aFantasy ‡vJuvenile fiction.
655 7. ‡aFantasy fiction. ‡2gsafd
959 . ‡i32269000952484 ‡lYA Pai ‡aYoung Adult - Fiction ‡tYA Fiction ‡g18.00
852 . ‡p32269000952484 ‡jYA Pai ‡jYA Pai ‡gYoung Adult - Fiction ‡gYoung Adult - Fiction ‡cYA Fiction ‡cPaperback ‡y18.00 ‡y15.00 ‡bSBPL
959 . ‡i32269001191124 ‡lYA Pai ‡aYoung Adult - Fiction ‡tPaperback ‡g15.00
852 . ‡p32269001191124 ‡jYA Pai ‡jYA Pai ‡gYoung Adult - Fiction ‡gYoung Adult - Fiction ‡cYA Fiction ‡cPaperback ‡y18.00 ‡y15.00 ‡bSBPL
901 . ‡a141244 ‡bUnknown ‡c141244 ‡tbiblio

Additional Resources